000
00235nam a2200097Ia 4500
008
120527s9999 xx 000 0 und d
100
_a
Greer,A.
245
_a
A complrete GCSE maths Higher course.
260
_b
Thornes(Pub)
942
_c
BK
999
_c
22144
_d
22144